The noble scholar, jurist, historian


 His Excellency Dr. Abdul Wahhab bin Ibrahim Abu Sulaiman, may Allah have mercy on him.


 He was born in Umm Al-Qura in the year 1356 AH.

الإسلام من وجهة نظر علم الإناسة : (Record no. 11723)

MARC details
000 -LEADER
fixed length control field 01327cam a22003131i 4500
003 - CONTROL NUMBER IDENTIFIER
control field SA-RiAUC
005 - DATE AND TIME OF LATEST TRANSACTION
control field 20250915045822.0
008 - FIXED-LENGTH DATA ELEMENTS--GENERAL INFORMATION
fixed length control field 250913s1993 le g b 000 0 ara c
040 ## - CATALOGING SOURCE
Original cataloging agency LB-BrLEU
Language of cataloging ara
Transcribing agency SA-RiAUC.
Description conventions rda
041 1# - LANGUAGE CODE
Language code of text/sound track or separate title ara
Language code of original und
043 ## - GEOGRAPHIC AREA CODE
Geographic area code a-io---
-- f-mr---
082 04 - DEWEY DECIMAL CLASSIFICATION NUMBER
Classification number 306.61
Assigning agency SA-RiAUC
090 ## - LOCALLY ASSIGNED LC-TYPE CALL NUMBER (OCLC); LOCAL CALL NUMBER (RLIN)
Classification number (OCLC) (R) ; Classification number, CALL (RLIN) (NR) 306.61
Local cutter number (OCLC) ; Book number/undivided call number, CALL (RLIN) غ ي ر
100 1# - MAIN ENTRY--PERSONAL NAME
Personal name غيرتز، كليفورد،
Dates associated with a name 1926-2006
Relator term مؤلف.
245 12 - TITLE STATEMENT
Title الإسلام من وجهة نظر علم الإناسة :
Remainder of title التطور الديني في المغرب وأندونيسيا /
Statement of responsibility, etc. كليفورد غيرتز ؛ ترجمة أبو بكر أحمد باقادر.
250 ## - EDITION STATEMENT
Edition statement الطبعة الأولى.
264 #1 - PRODUCTION, PUBLICATION, DISTRIBUTION, MANUFACTURE, AND COPYRIGHT NOTICE
Place of production, publication, distribution, manufacture بيروت :
Name of producer, publisher, distributor, manufacturer دار المنتخب العربي،
Date of production, publication, distribution, manufacture, or copyright notice 1993.
300 ## - PHYSICAL DESCRIPTION
Extent 132 صفحة ؛
Dimensions 24 سم
336 ## - CONTENT TYPE
Content type term نص
Content type code txt
Source rdacontent
Materials specified كتاب
337 ## - MEDIA TYPE
Media type term بدون وسيط
Media type code n
Source rdamedia
338 ## - CARRIER TYPE
Carrier type term مجلد
Carrier type code nc
Source rdacarrier
504 ## - BIBLIOGRAPHY, ETC. NOTE
Bibliography, etc. note يشتمل على إرجاعات ببليوجرافية.
650 #7 - SUBJECT ADDED ENTRY--TOPICAL TERM
Topical term or geographic name entry element علم الاجتماع الإسلامي
Source of heading or term aucsh
650 #7 - SUBJECT ADDED ENTRY--TOPICAL TERM
Topical term or geographic name entry element الإسلام
Geographic subdivision المغرب
Source of heading or term aucsh
650 #7 - SUBJECT ADDED ENTRY--TOPICAL TERM
Topical term or geographic name entry element الإسلام
Geographic subdivision إندونيسيا
Source of heading or term aucsh
700 1# - ADDED ENTRY--PERSONAL NAME
Personal name باقادر، أبو بكر أحمد،
Dates associated with a name 1369 هجري-
Relator term مترجم.
942 ## - ADDED ENTRY ELEMENTS (KOHA)
Source of classification or shelving scheme Dewey Decimal Classification
Koha item type Books
Suppress in OPAC No
949 ## - LOCAL PROCESSING INFORMATION (OCLC)
a SA-JeALM
d 250913
u mohamedma123
n 1
Holdings
Withdrawn status Lost status Source of classification or shelving scheme Damaged status Not for loan Home library Current library Date acquired Total checkouts Full call number Barcode Date last seen Price effective from Koha item type
    Dewey Decimal Classification     DR AbdElwahab Library DR AbdElwahab Library 09/15/2025   306.61 غ ي ر 000018906 09/15/2025 09/15/2025 Books